| 000 | 00714nam a2200229 a 4500 | ||
|---|---|---|---|
| 999 |
_c1032 _d1032 |
||
| 001 | 1032 | ||
| 003 | BD-JhCC | ||
| 005 | 20171015131330.0 | ||
| 008 | 171014s2012 bg |||| ||a| 000 0 ben d | ||
| 020 | _a9789845020862 | ||
| 035 | _a(BD-JhCC) 1032 | ||
| 040 |
_aBD-JhCC _dBD-JhCC |
||
| 041 | _aben | ||
| 082 |
_a809.09492 _bAHM 2012 |
||
| 100 | _aআহমেদ, হুমায়ূন | ||
| 245 |
_aহুমায়ূন আহমেদ স্মারকগ্রন্থ / _cহুমায়ূন আহমেদ |
||
| 260 |
_aঢাকা: _bআন্য প্রকাশ, _c2012 |
||
| 300 |
_a400 p. : _c22 cm. |
||
| 650 | _aAutobiography | ||
| 942 |
_2ddc _cBK |
||